Implementation of a cut flower and seed production garden at Monticello /

The restored gardens of Monticello fulfill multiple roles, including the enhancement of the architectural and historical aspects of Thomas Jefferson's estate, a botanical garden, a site for historic plant preservation and a study in historic garden restoration. The gardens act as a vehicle for...

Full description

Bibliographic Details
Main Author: Felderhoff, Craig Anton
Format: Thesis eBook
Language:English
Published: [Place of publication not identified] : [publisher not identified] ; 2001.
Subjects:
Online Access:Link to OAKTrust copy

MARC

Tag First Indicator Second Indicator Subfields
LEADER 00000ctm a2200000Ka 4500
001 in00001650488
005 20220103114417.0
007 cr unu a
008 020218s2001 xx a b 000 0 eng d
035 |a (OCoLC)ocm49034798 
040 |a TXA  |c TXA  |d UtOrBLW 
049 |a TXAM  |a TXAR 
099 |a 2001  |a Thesis  |a F387 
100 1 |a Felderhoff, Craig Anton. 
245 1 0 |a Implementation of a cut flower and seed production garden at Monticello /  |c by Craig Anton Felderhoff. 
264 1 |a [Place of publication not identified] :  |b [publisher not identified] ;  |c 2001. 
300 |a v, 71 leaves :  |b illustrations ;  |c 28 cm. 
336 |a text  |b txt  |2 rdacontent 
337 |a computer  |b c  |2 rdamedia 
338 |a online resource  |b cr  |2 rdacarrier 
500 |a "Major subject: Horticulture Sciences". 
500 |a Vita. 
502 |b M.Ag.  |c Texas A&M University  |d 2001. 
504 |a Includes bibliographical references (leaves 33-34). 
520 |a The restored gardens of Monticello fulfill multiple roles, including the enhancement of the architectural and historical aspects of Thomas Jefferson's estate, a botanical garden, a site for historic plant preservation and a study in historic garden restoration. The gardens act as a vehicle for appreciation and education of not only the historical horticultural garden aspects, but also as a vehicle for understanding Thomas Jefferson, as a person. During the summer of 2001, I worked as an intern member of Monticello's Gardens and Grounds Department. The internship focused on the project of reestablishing a cutting flower and seed production garden. The internship also included horticultural maintenance activities within the various public gardens and grounds. 
530 |a Also available online. 
650 4 |a Major horticultural sciences. 
856 4 1 |u https://hdl.handle.net/1969.1/ETD-TAMU-2001-THESIS-F387  |z Link to OAKTrust copy  |t 0 
948 |a cataloged  |b h  |c 2002/2/18  |d c  |e eneff  |f 2:51:42 pm 
994 |a E0  |b TXA 
999 |a MARS 
999 f f |s 3a7eea74-9b38-33ce-b9de-45933ea379cf  |i 426efc0c-1205-3748-be2d-24e2a952eb43  |t 0 
952 f f |p noncirc  |a Texas A&M University  |b J.J. Pickle Campus  |c High Density Repository  |s HDR  |d Remote Storage  |t 0  |e 2001 Thesis F387  |h Other scheme  |i computer -- online resource  |m A14841065391 
952 f f |a Texas A&M University  |b College Station  |c Electronic Resources  |s www_evans  |d Available Online  |t 0  |e 2001 Thesis F387  |h Other scheme 
998 f f |a 2001 Thesis F387  |t 0  |l Available Online 
998 f f |a 2001 Thesis F387  |t 0  |l Remote Storage